Movies by Image #9 - Statistics

General Stats
  • This quiz has been taken 215 times
  • The average score is 7 of 16
Answer Stats
Picture Answer % Correct
How the Grinch Stole Christmas
97%
Mrs. Doubtfire
70%
Zoolander
70%
Bad Boys
66%
The Goonies
61%
Rush Hour
57%
Apollo 13
52%
A Few Good Men
41%
The Patriot
34%
Jerry Maguire
24%
Office Space
24%
Panic Room
24%
Dances with Wolves
22%
Lone Survivor
14%
Public Enemies
14%
Gone in 60 Seconds
12%
No matching quizzes found
Score Distribution
Percent of People with Each Score
Percentile by Number Answered
Your Score History
You have not taken this quiz